000 00559pab a2200193 454500
008 180718b2004 xxu||||| |||| 00| 0 eng d
100 _aHussin, WMA Wan
245 _aStress management and its effects on the performance of young site engineers and land surveyors in Malaysia
260 _c2004
300 _ap.77-89.
362 _aJan-Jul
650 _aEngineers - Malaysia
650 _aOccupational stress - Malaysia
650 _aOccupational stress
700 _aAhmad, MS Sheikh
700 _aAhmad, S.
773 _aPranjana
909 _a61087
999 _c61087
_d61087